Muhammad Ali : král ringu /

Hlavní autor: Helfand, Lewis, 1978-
Další autoři: Sharma, Lalit Kumar
Jazyk: Čeština
Vydáno: Praha : Grada, 2012
Vydání: 1. vyd.
Témata:
Fyzický popis: 90 s. : vše il. (převážně barev.), portréty ; 24 cm
Knihy
Uloženo v:
LEADER 01836nam a2200529 a 4500
001 nkc20122348891
003 CZ PrNK
005 20120625113145.0
007 ta
008 120510s2012 xr ac g 000 1bcze
015 |a cnb002348891 
020 |a 978-80-247-4313-4  |q (brož.) 
035 |a (OCoLC)796018063 
040 |a ABA001  |b cze 
041 1 |a cze  |h eng 
043 |a n-us--- 
045 |a x-y- 
072 7 |a 796  |x Sport. Hry. Tělesná cvičení  |2 Konspekt  |9 20 
072 7 |a 929  |x Biografie  |2 Konspekt  |9 8 
080 |a 796.83.071  |2 MRF 
080 |a 929  |2 MRF 
080 |a (73)  |2 MRF 
080 |a (092)  |2 MRF 
080 |a (084.1)  |2 MRF 
100 1 |a Helfand, Lewis,  |d 1978-  |7 xx0119343  |4 aut 
245 1 0 |a Muhammad Ali :  |b král ringu /  |c [napsal Lewis Helfand ; ilustrace Lalit Kumar Sharma ; překlad Tamara Kajznerová] 
246 3 |a Král ringu Muhammad Ali 
246 1 8 |a Muhammad Ali - král ringu 
250 |a 1. vyd. 
260 |a Praha :  |b Grada,  |c 2012 
300 |a 90 s. :  |b vše il. (převážně barev.), portréty ;  |c 24 cm 
500 |a Přeloženo z angličtiny 
600 1 7 |a Ali, Muhammad,  |d 1942-2016  |7 jn19981001869  |2 czenas 
648 7 |a 20.-21. století  |7 ch462155  |2 czenas 
650 0 7 |a boxeři  |7 ph118971  |z Spojené státy americké  |y 20.-21. století  |2 czenas 
650 0 9 |a boxers (sports)  |z United States  |y 20th-21st centuries  |2 eczenas 
655 7 |a biografie  |7 fd131909  |2 czenas 
655 7 |a komiksy  |7 fd131978  |2 czenas 
655 9 |a biography  |2 eczenas 
655 9 |a comics  |2 eczenas 
700 1 |a Sharma, Lalit Kumar  |7 pna2010614781  |4 ill 
765 0 |t Muhammad Ali, the king of the ring  |9 Česky 
910 2 |a BOA001  |b 2-1285.475 
990 |a BK 
995 |a 01 
991 |b 201205  |e db 
996 6 |b 2610509865  |c 2-1285.475  |l MZK  |r Sklad / do 1 hodiny  |n 0  |p p.v.  |w 001244485  |u 000010  |a 1  |e BOA001  |j MZK50  |s P